Dalits in contemporary India (Record no. 407747)

000 -LEADER
fixed length control field 00406cam a22001457a 4500
008 - FIXED-LENGTH DATA ELEMENTS--GENERAL INFORMATION
fixed length control field 180718b2008 xxu||||| |||| 00| 0 eng d
020 ## - INTERNATIONAL STANDARD BOOK NUMBER
International Standard Book Number 9788190465311
082 ## - DEWEY DECIMAL CLASSIFICATION NUMBER
Classification number BA27x54 R14
245 ## - TITLE STATEMENT
Title Dalits in contemporary India
Statement of responsibility, etc. edited by Nandu Ram
260 ## - PUBLICATION, DISTRIBUTION, ETC.
Place of publication, distribution, etc. New Delhi
Name of publisher, distributor, etc. Siddhant
Date of publication, distribution, etc. 2008
300 ## - PHYSICAL DESCRIPTION
Extent 316p.
650 ## - SUBJECT ADDED ENTRY--TOPICAL TERM
Topical term or geographic name entry element Dalits --India --Social conditions.
650 ## - SUBJECT ADDED ENTRY--TOPICAL TERM
Topical term or geographic name entry element Dalits --India
700 ## - ADDED ENTRY--PERSONAL NAME
Personal name Nandu Ram
Holdings
Withdrawn status Lost status Damaged status Not for loan Permanent Location Current Location Date acquired Full call number Barcode Date last seen Price effective from Koha item type
        Indian Institute of Public Administration Indian Institute of Public Administration 2008-09-02 BA27x54 R14 82607 2018-07-21 2018-07-21 Book

Powered by Koha